[Event "HUN-chT2 Asztalos 0809"]
[Site "Hungary"]
[Date "2008.11.02"]
[Round "2"]
[White "Figler, Janos"]
[Black "Galambos, Tivadar"]
[Result "0-1"]
[WhiteElo "2039"]
[BlackElo "1857"]
[PlyCount "94"]
[EventDate "2008.10.26"]
[EventType "team-tourn"]
[EventRounds "11"]
[EventCountry "HUN"]
[SourceTitle "EXT 2010"]
[Source "ChessBase"]
[SourceDate "2010.11.25"]
[SourceVersion "1"]
[SourceVersionDate "2010.11.25"]
[SourceQuality "1"]
[WhiteTeam "Dombovar"]
[BlackTeam "Tamasi Szabadido"]
[WhiteTeamCountry "HUN"]
[BlackTeamCountry "HUN"]

1. e4 c5 2. d4 cxd4 3. c3 dxc3 4. Nxc3 Nc6 5. Bf4 d6 6. Bc4 Nf6 7. Nf3 e6 8. 0-0 Be7 9. Qd2 0-0 10. Rad1 e5 11. Bg5 Bg4 12. Be2 Bxf3 13. Bxf3 Nd4 14. Be3 Nxf3+ 15. gxf3 h6 16. Kh1 Kh7 17. Rg1 Nh5 18. Nd5 g5 19. Nxe7 Qxe7 20. Qxd6 Qxd6 21. Rxd6 Rfd8 22. Rgd1 Rxd6 23. Rxd6 Kg7 24. Rd7 b6 25. Bd2 Kg6 26. Bc3 f6 27. Kg2 Nf4+ 28. Kf1 b5 29. Bd2 a5 30. Bxf4 gxf4 31. Rb7 b4 32. Ke2 Ra6 33. Kd2 Kh5 34. Rh7 Kg5 35. Kc2 h5 36. Kd3 Kh4 37. Kc4 Rd6 38. Kb5 Rd2 39. a3 Rxb2 40. a4 Rxf2 41. Kxa5 b3 42. Ka6 Rxf3 43. Rd7 b2 44. Rb7 Rf2 45. a5 Re2 46. Ka7 f3 47. Ka8 f2 0-1

[Event "HUN-chT2 Asztalos 0809"]
[Site "Hungary"]
[Date "2008.10.26"]
[Round "1"]
[White "Erdelyi, Sandor"]
[Black "Figler, Janos"]
[Result "1/2-1/2"]
[WhiteElo "1935"]
[BlackElo "2039"]
[PlyCount "115"]
[EventDate "2008.10.26"]
[EventType "team-tourn"]
[EventRounds "11"]
[EventCountry "HUN"]
[SourceTitle "EXT 2010"]
[Source "ChessBase"]
[SourceDate "2010.11.25"]
[SourceVersion "1"]
[SourceVersionDate "2010.11.25"]
[SourceQuality "1"]
[WhiteTeam "Szenna Pack II"]
[BlackTeam "Dombovar"]
[WhiteTeamCountry "HUN"]
[BlackTeamCountry "HUN"]

1. d4 Nf6 2. Nf3 g6 3. Bf4 d6 4. h3 Bg7 5. c3 0-0 6. Qc1 Bf5 7. Bh6 c5 8. Bxg7 Kxg7 9. e3 Nc6 10. Be2 cxd4 11. exd4 Rc8 12. Qd1 Qb6 13. Qb3 Nb4 14. Na3 Nd3+ 15. Bxd3 Qxb3 16. axb3 Bxd3 17. Kd2 Be4 18. Ne1 a6 19. f3 Bc6 20. Nd3 Bd7 21. Rae1 Rfe8 22. b4 Bf5 23. Nc2 Bxd3 24. Kxd3 Nd5 25. g3 e5 26. Re2 exd4 27. Rxe8 Rxe8 28. Kxd4 Nc7 29. Re1 Rxe1 30. Nxe1 Kf6 31. f4 Ke6 32. Nf3 h6 33. g4 Nb5+ 34. Kd3 Nc7 35. Nd4+ Kf6 36. Ke4 d5+ 37. Kd3 g5 38. f5 Ke5 39. Ke3 Kd6 40. Kd3 Ke5 41. Ke3 Nb5 42. Nf3+ Kd6 43. Kd3 b6 44. Ke3 a5 45. bxa5 bxa5 46. Nd4 Nc7 47. Kd3 Ke5 48. Ke3 a4 49. Nc6+ Kd6 50. Nd4 Kc5 51. Kd3 Ne8 52. Nf3 Nd6 53. Ne5 Nc4 54. Nxc4 dxc4+ 55. Ke4 f6 56. Ke3 Kd5 57. Kf3 Ke5 58. Ke3 1/2-1/2

[Event "HUN-chT2 Asztalos 0708"]
[Site "Hungary"]
[Date "2008.02.17"]
[Round "6"]
[White "Figler, Janos"]
[Black "Kis, Jozsef1111"]
[Result "0-1"]
[WhiteElo "2022"]
[BlackElo "2138"]
[PlyCount "75"]
[EventDate "2007.10.14"]
[EventType "team"]
[EventRounds "11"]
[EventCountry "HUN"]
[SourceTitle "EXT 2009"]
[Source "ChessBase"]
[SourceDate "2008.11.26"]
[SourceVersion "1"]
[SourceVersionDate "2008.11.26"]
[SourceQuality "1"]
[WhiteTeam "Dombovar"]
[BlackTeam "Paks ASE"]
[WhiteTeamCountry "HUN"]
[BlackTeamCountry "HUN"]

1. e4 c5 2. Nf3 d6 3. d4 cxd4 4. Nxd4 Nf6 5. Nc3 a6 6. Be2 e6 7. 0-0 b5 8. a3 Bb7 9. Bg5 Be7 10. Bxf6 Bxf6 11. Qd2 0-0 12. Rad1 Qb6 13. Bf3 Rd8 14. g4 h6 15. Bg2 Nc6 16. Nxc6 Bxc6 17. Kh1 Rac8 18. f4 b4 19. axb4 Qxb4 20. Nd5 Qxb2 21. Nxf6+ Qxf6 22. g5 hxg5 23. fxg5 Qe5 24. Qf2 Rc7 25. Qh4 Rcd7 26. Rd3 g6 27. Qg4 d5 28. h4 dxe4 29. Re3 Rd2 30. h5 gxh5 31. Qxh5 Qg7 32. Rh3 R8d7 33. g6 fxg6 34. Qc5 R7d6 35. Re1 Qf6 36. Bxe4 Bxe4+ 37. Rxe4 Qf1+ 38. Qg1 0-1

[Event "HUN-chT2 Asztalos 0708"]
[Site "Hungary"]
[Date "2007.12.16"]
[Round "5"]
[White "Thurmer, Jeno"]
[Black "Figler, Janos"]
[Result "0-1"]
[WhiteElo "2072"]
[BlackElo "2022"]
[PlyCount "76"]
[EventDate "2007.10.14"]
[EventType "team"]
[EventRounds "11"]
[EventCountry "HUN"]
[SourceTitle "EXT 2009"]
[Source "ChessBase"]
[SourceDate "2008.11.26"]
[SourceVersion "1"]
[SourceVersionDate "2008.11.26"]
[SourceQuality "1"]
[WhiteTeam "Komlo Banyasz"]
[BlackTeam "Dombovar"]
[WhiteTeamCountry "HUN"]
[BlackTeamCountry "HUN"]

1. d4 Nf6 2. c4 g6 3. Nc3 Bg7 4. e4 d6 5. Be2 0-0 6. g4 c5 7. d5 e6 8. g5 Ne8 9. h4 exd5 10. cxd5 Qe7 11. Qd3 f5 12. gxf6 Qxf6 13. Be3 a6 14. a4 Nd7 15. Nf3 Ne5 16. Nxe5 Qxe5 17. f4 Qe7 18. h5 Nf6 19. hxg6 hxg6 20. Rg1 Re8 21. Kd2 c4 22. Qxc4 Bf5 23. e5 Rac8 24. Qb3 dxe5 25. d6+ Qf7 26. Qxf7+ Kxf7 27. fxe5 Rxe5 28. Bf4 Ne4+ 29. Nxe4 Rxe4 30. Be3 Re6 31. Bg4 Rc2+ 32. Kd1 Rxd6+ 33. Ke1 Bxg4 34. Rxg4 Re6 35. Rg3 Rxb2 36. Rd1 Bh6 37. Rd7+ Ke8 38. Rd3 Bxe3 0-1

[Event "HUN-chT2 Asztalos 0607"]
[Site "Hungary"]
[Date "2007.02.18"]
[Round "5"]
[White "Figler, Janos"]
[Black "Vrban, Mladen"]
[Result "0-1"]
[WhiteElo "2068"]
[BlackElo "2297"]
[PlyCount "82"]
[EventDate "2006.11.12"]
[EventType "team"]
[EventRounds "11"]
[EventCountry "HUN"]
[SourceTitle "EXT 2008"]
[Source "ChessBase"]
[SourceDate "2007.11.25"]
[SourceVersion "1"]
[SourceVersionDate "2007.11.25"]
[SourceQuality "1"]
[WhiteTeam "Dombovar"]
[BlackTeam "Nagyatad"]
[WhiteTeamCountry "HUN"]
[BlackTeamCountry "HUN"]

1. e4 c5 2. f4 Nc6 3. Nf3 d5 4. exd5 Qxd5 5. Nc3 Qe6+ 6. Be2 Nd4 7. 0-0 g6 8. Nxd4 cxd4 9. Nb5 Qb6 10. Bd3 a6 11. Na3 Qc5 12. Kh1 Nh6 13. c3 Bg7 14. Qa4+ Bd7 15. Qc4 Qb6 16. Qd5 Rc8 17. Qg5 Be6 18. f5 Nxf5 19. Bxf5 Bf6 20. Bxe6 Bxg5 21. Bxc8 e6 22. cxd4 Qc6 23. d3 Be7 24. Bf4 Qxc8 25. Rac1 Qd8 26. Rc7 g5 27. Be5 f6 28. Bg3 b5 29. Rfc1 Kf7 30. Rb7 Re8 31. Rcc7 Qxd4 32. h3 Qxb2 33. Bd6 Kg6 34. Rxe7 Rxe7 35. Bxe7 h5 36. Kh2 Qe5+ 37. Kh1 g4 38. d4 Qe1+ 39. Kh2 Qh4 40. Kg1 g3 41. Rd7 Qf4 0-1

[Event "HUN-chT2 Asztalos 0607"]
[Site "Hungary"]
[Date "2006.12.03"]
[Round "3"]
[White "Figler, Janos"]
[Black "Nemeth, Attila Janos"]
[Result "0-1"]
[WhiteElo "2068"]
[BlackElo "2060"]
[PlyCount "124"]
[EventDate "2006.11.12"]
[EventType "team"]
[EventRounds "11"]
[EventCountry "HUN"]
[SourceTitle "EXT 2008"]
[Source "ChessBase"]
[SourceDate "2007.11.25"]
[SourceVersion "1"]
[SourceVersionDate "2007.11.25"]
[SourceQuality "1"]
[WhiteTeam "Dombovar"]
[BlackTeam "Pecs Karmin"]
[WhiteTeamCountry "HUN"]
[BlackTeamCountry "HUN"]

1. e4 e6 2. d4 d5 3. e5 c5 4. dxc5 Bxc5 5. Bd3 Nc6 6. Nf3 Qc7 7. Bf4 Qb6 8. 0-0 Qxb2 9. Nbd2 Nge7 10. Rb1 Qa3 11. Nb3 Bb6 12. h4 Qa4 13. Bg3 Bd7 14. Qe2 Nb4 15. Qd2 Nxd3 16. cxd3 0-0 17. h5 h6 18. Bf4 Kh7 19. g4 g5 20. hxg6+ fxg6 21. d4 Rf7 22. Kg2 Raf8 23. Bxh6 Rxf3 24. Bxf8 Rxf8 25. Qg5 Kg7 26. Qxe7+ Rf7 27. Qh4 Qxa2 28. Nc5 Bxc5 29. dxc5 d4 30. Kg1 Bc6 31. Qg3 Rf3 32. Qh2 Qa3 33. Qh4 Rf7 34. f4 Qxc5 35. g5 d3+ 36. Kh2 Qc2+ 37. Qf2 Qc4 38. Rb2 Kg8 39. Rd2 Qe4 40. Kg3 Rh7 41. Qxa7 Rf7 42. Qf2 Qf5 43. Qe3 Rh7 44. Rh2 Rxh2 45. Kxh2 Qg4 46. Qg3 Qh5+ 47. Qh3 Qe2+ 48. Kg1 Bd5 49. Rc1 Qh5 50. Qxh5 gxh5 51. Kf2 Kg7 52. Ke3 h4 53. Kf2 Kg6 54. Rd1 Be4 55. Rd2 Kh5 56. Ke3 Bg6 57. Rb2 h3 58. Rxb7 h2 59. Rb1 Kg4 60. Rf1 Kg3 61. Rf3+ Kg2 62. f5 exf5 0-1

[Event "HUN-chT2 Asztalos 0506"]
[Site "Hungary"]
[Date "2005.11.27"]
[Round "4"]
[White "Figler, Janos"]
[Black "Kovacs, Imre"]
[Result "1/2-1/2"]
[WhiteElo "2078"]
[BlackElo "1979"]
[PlyCount "62"]
[EventDate "2005.10.16"]
[EventType "team"]
[EventRounds "11"]
[EventCountry "HUN"]
[SourceTitle "EXT 2009"]
[Source "ChessBase"]
[SourceDate "2008.11.26"]
[SourceVersion "1"]
[SourceVersionDate "2008.11.26"]
[SourceQuality "1"]
[WhiteTeam "Szekszard"]
[BlackTeam "MAV Elore"]
[WhiteTeamCountry "HUN"]
[BlackTeamCountry "HUN"]

1. e4 d6 2. d4 Nf6 3. Nc3 g6 4. Be3 Bg7 5. f3 c6 6. Qd2 b5 7. Bh6 0-0 8. Bxg7 Kxg7 9. g4 b4 10. Na4 a5 11. h4 h5 12. gxh5 Nxh5 13. Ne2 e5 14. d5 Bd7 15. b3 cxd5 16. Qxd5 Bc6 17. Qd2 Qc7 18. Bh3 Bd7 19. Bg4 Nf6 20. Bxd7 Nbxd7 21. Ng3 Rh8 22. h5 Nxh5 23. Nxh5+ Rxh5 24. Rxh5 gxh5 25. 0-0-0 Nf8 26. Nb2 Rc8 27. Nc4 Ng6 28. Nxd6 Qc3 29. Nf5+ Kg8 30. Nh6+ Kg7 31. Nf5+ Kg8 1/2-1/2

[Event "HUN-chT2 Asztalos 0405"]
[Site "Hungary"]
[Date "2005.02.20"]
[Round "8"]
[White "Figler, Janos"]
[Black "Farkas, Laszlo"]
[Result "1-0"]
[WhiteElo "2112"]
[BlackElo "2098"]
[PlyCount "65"]
[EventDate "2004.09.26"]
[EventType "team"]
[EventRounds "11"]
[EventCountry "HUN"]
[SourceTitle "EXT 2009"]
[Source "ChessBase"]
[SourceDate "2008.11.26"]
[SourceVersion "1"]
[SourceVersionDate "2008.11.26"]
[SourceQuality "1"]
[WhiteTeam "Szekszard"]
[BlackTeam "MAV Elore"]
[WhiteTeamCountry "HUN"]
[BlackTeamCountry "HUN"]

1. e4 c5 2. Nf3 Nc6 3. d4 cxd4 4. Nxd4 Qc7 5. Nc3 e6 6. Ndb5 Qb8 7. Be3 a6 8. Nd4 Nf6 9. f3 Bd6 10. Na4 b5 11. Nxc6 dxc6 12. Nb6 Bb7 13. Nxa8 Bxa8 14. Qd2 0-0 15. 0-0-0 Bc7 16. Bg5 h6 17. Be3 Rd8 18. Bd3 a5 19. g4 Ne8 20. g5 h5 21. g6 f5 22. Qg2 f4 23. Bf2 Nf6 24. Qh3 Qc8 25. Bh4 e5 26. Qxc8 Rxc8 27. Bf1 Kf8 28. Bh3 Re8 29. Bxf6 gxf6 30. Rd7 Bb6 31. Rhd1 h4 32. Rf7+ Kg8 33. Rdd7 1-0

[Event "HUN-chT2 Asztalos 0405"]
[Site "Hungary"]
[Date "2004.10.10"]
[Round "2"]
[White "Bocska, Janos"]
[Black "Figler, Janos"]
[Result "1/2-1/2"]
[WhiteElo "2093"]
[BlackElo "2112"]
[PlyCount "75"]
[EventDate "2004.09.26"]
[EventType "team"]
[EventRounds "11"]
[EventCountry "HUN"]
[SourceTitle "EXT 2009"]
[Source "ChessBase"]
[SourceDate "2008.11.26"]
[SourceVersion "1"]
[SourceVersionDate "2008.11.26"]
[SourceQuality "1"]
[WhiteTeam "Nagyatad"]
[BlackTeam "Szekszard"]
[WhiteTeamCountry "HUN"]
[BlackTeamCountry "HUN"]

1. e4 c5 2. Nf3 Nc6 3. d4 cxd4 4. Nxd4 Nf6 5. f3 e5 6. Nxc6 bxc6 7. Be3 Bb4+ 8. c3 Be7 9. Nd2 d5 10. exd5 cxd5 11. Bb5+ Bd7 12. Qa4 0-0 13. Bxd7 Nxd7 14. 0-0 Nc5 15. Qc2 Ne6 16. Rad1 d4 17. cxd4 Nxd4 18. Qe4 Re8 19. Nb3 Bf6 20. Rfe1 Re7 21. Bf2 Rc8 22. Bh4 Qb6 23. Nxd4 exd4 24. Qg4 Rxe1+ 25. Rxe1 d3+ 26. Kh1 Rd8 27. Bxf6 Qxf6 28. Qd7 g6 29. Qb5 d2 30. Rd1 Qd4 31. h3 Qf2 32. Kh2 Qe1 33. Qa5 Qh4 34. g3 Qd4 35. Kg2 Qd3 36. Kf2 Rd7 37. Qc3 Qxc3 38. bxc3 1/2-1/2

[Event "HUN-chT2 Asztalos 0304"]
[Site "Hungary"]
[Date "2004.04.04"]
[Round "10"]
[White "Pais, Nimrod"]
[Black "Figler, Janos"]
[Result "1-0"]
[WhiteElo "2169"]
[BlackElo "2144"]
[PlyCount "91"]
[EventDate "2003.08.29"]
[EventType "team"]
[EventRounds "11"]
[EventCountry "HUN"]
[SourceTitle "EXT 2009"]
[Source "ChessBase"]
[SourceDate "2008.11.26"]
[SourceVersion "1"]
[SourceVersionDate "2008.11.26"]
[SourceQuality "1"]
[WhiteTeam "Fehervar"]
[BlackTeam "Gepelem"]
[WhiteTeamCountry "HUN"]
[BlackTeamCountry "HUN"]

1. d4 f5 2. c4 Nf6 3. Nc3 g6 4. f3 Bg7 5. Bg5 0-0 6. e3 d6 7. Bd3 Qe8 8. Nge2 c6 9. 0-0 h6 10. Bh4 g5 11. Bf2 e5 12. Qc2 Nh5 13. Rae1 Na6 14. a3 Be6 15. Nc1 Nc7 16. d5 Bd7 17. b4 a5 18. dxc6 bxc6 19. Nb3 axb4 20. axb4 Na6 21. Na2 Qb8 22. Qd2 Nf6 23. Rb1 e4 24. Be2 exf3 25. gxf3 f4 26. e4 g4 27. Rfd1 Qe8 28. Qxd6 Qh5 29. Qd3 gxf3 30. Bxf3 Ng4 31. h3 Qxh3 32. Bxg4 Qxg4+ 33. Kf1 Nb8 34. Nac1 Qh5 35. Ke1 Bg4 36. Ne2 Na6 37. Nbd4 Bxd4 38. Bxd4 Rad8 39. c5 Bxe2 40. Qxe2 Qh1+ 41. Kf2 Qh4+ 42. Kf1 Rxd4 43. Qg2+ Kh7 44. Rxd4 Rg8 45. Rd7+ Kh8 46. Qb2+ 1-0